<?xml version="1.0" encoding="UTF-8"?>
<record
    xmlns:xsi="http://www.w3.org/2001/XMLSchema-instance"
    xsi:schemaLocation="http://www.loc.gov/MARC21/slim http://www.loc.gov/standards/marcxml/schema/MARC21slim.xsd"
    xmlns="http://www.loc.gov/MARC21/slim">

  <leader>01217nam a22002297a 4500</leader>
  <datafield tag="952" ind1=" " ind2=" ">
    <subfield code="0">0</subfield>
    <subfield code="1">0</subfield>
    <subfield code="4">0</subfield>
    <subfield code="7">0</subfield>
    <subfield code="a">11</subfield>
    <subfield code="b">11</subfield>
    <subfield code="d">2019-06-10</subfield>
    <subfield code="l">1</subfield>
    <subfield code="o">PC145 C43 2016</subfield>
    <subfield code="p">11 014025</subfield>
    <subfield code="r">2026-02-12</subfield>
    <subfield code="s">2026-02-11</subfield>
    <subfield code="t">1</subfield>
    <subfield code="w">2019-06-10</subfield>
    <subfield code="y">LB</subfield>
  </datafield>
  <datafield tag="952" ind1=" " ind2=" ">
    <subfield code="0">0</subfield>
    <subfield code="1">0</subfield>
    <subfield code="2">lcc</subfield>
    <subfield code="4">0</subfield>
    <subfield code="7">0</subfield>
    <subfield code="a">01</subfield>
    <subfield code="b">01</subfield>
    <subfield code="d">2022-11-03</subfield>
    <subfield code="l">0</subfield>
    <subfield code="o">PC145 C43 2016</subfield>
    <subfield code="p">16 002789</subfield>
    <subfield code="r">2023-07-13</subfield>
    <subfield code="t">1</subfield>
    <subfield code="w">2022-11-03</subfield>
    <subfield code="y">LB</subfield>
  </datafield>
  <datafield tag="952" ind1=" " ind2=" ">
    <subfield code="0">0</subfield>
    <subfield code="1">0</subfield>
    <subfield code="2">lcc</subfield>
    <subfield code="4">0</subfield>
    <subfield code="7">0</subfield>
    <subfield code="a">01</subfield>
    <subfield code="b">01</subfield>
    <subfield code="d">2022-11-03</subfield>
    <subfield code="l">0</subfield>
    <subfield code="o">PC145 C43 2016</subfield>
    <subfield code="p">16 002790</subfield>
    <subfield code="r">2023-07-13</subfield>
    <subfield code="t">2</subfield>
    <subfield code="w">2022-11-03</subfield>
    <subfield code="y">LB</subfield>
  </datafield>
  <datafield tag="999" ind1=" " ind2=" ">
    <subfield code="c">104244</subfield>
    <subfield code="d">104244</subfield>
  </datafield>
  <controlfield tag="008">190610b2016    mx  |||| |||| 00| 0 spa d</controlfield>
  <datafield tag="020" ind1=" " ind2=" ">
    <subfield code="a">9786073238212</subfield>
  </datafield>
  <datafield tag="050" ind1=" " ind2=" ">
    <subfield code="a">PC145</subfield>
    <subfield code="b">C43 2016 </subfield>
  </datafield>
  <datafield tag="100" ind1=" " ind2=" ">
    <subfield code="a">Ch&#xE1;vez P&#xE9;rez, Fidel</subfield>
    <subfield code="e">autor</subfield>
  </datafield>
  <datafield tag="245" ind1=" " ind2=" ">
    <subfield code="a">Redacci&#xF3;n avanzada</subfield>
    <subfield code="b">: un enfoque ling&#xFC;&#xED;stico </subfield>
    <subfield code="c">/ Fidel, Ch&#xE1;vez P&#xE9;rez </subfield>
  </datafield>
  <datafield tag="250" ind1=" " ind2=" ">
    <subfield code="a">5a. edici&#xF3;n</subfield>
  </datafield>
  <datafield tag="260" ind1=" " ind2=" ">
    <subfield code="a">M&#xE9;xico</subfield>
    <subfield code="b">: Pearson</subfield>
    <subfield code="c">, 2016</subfield>
  </datafield>
  <datafield tag="300" ind1=" " ind2=" ">
    <subfield code="a">xvi, 342 p&#xE1;ginas </subfield>
    <subfield code="b">: tablas </subfield>
  </datafield>
  <datafield tag="500" ind1=" " ind2=" ">
    <subfield code="a">Incluye: Introducci&#xF3;n (pp. xv - xvi) </subfield>
  </datafield>
  <datafield tag="504" ind1=" " ind2=" ">
    <subfield code="a">Bibliograf&#xED;a (pp. 337 - 339)  
Referencias de textos (pp. 341 - 342)</subfield>
  </datafield>
  <datafield tag="505" ind1=" " ind2=" ">
    <subfield code="a">I. Desarrollo de la observaci&#xF3;n  
II. Descripci&#xF3;n y modificaci&#xF3;n de una estructura ling&#xFC;&#xED;stico- discursiva  
III. El proceso de la comunicaci&#xF3;n  
IV. Acercamiento a un proceso descriptivo  
V. Modelo del escarabajo: an&#xE1;lisis y punto de vista en la selecci&#xF3;n de un tema  
VI. Redacci&#xF3;n de informes  
VII. Formas de especializadas de redacci&#xF3;n  
VIII. El texto literario  </subfield>
  </datafield>
  <datafield tag="519" ind1=" " ind2=" ">
    <subfield code="a">Plan UNAM /</subfield>
    <subfield code="b">Preparatoria / </subfield>
    <subfield code="d">16 002789</subfield>
  </datafield>
  <datafield tag="650" ind1=" " ind2="0">
    <subfield code="a">ESPA&#xD1;OL</subfield>
    <subfield code="v">RET&#xD3;RICA</subfield>
    <subfield code="x">MANUALES</subfield>
  </datafield>
  <datafield tag="650" ind1=" " ind2="0">
    <subfield code="a">REDACCI&#xD3;N DE INFORMES</subfield>
  </datafield>
  <datafield tag="942" ind1=" " ind2=" ">
    <subfield code="c">LB</subfield>
    <subfield code="2">lcc</subfield>
  </datafield>
</record>
